<?xml version="1.0" encoding="UTF-8"?>
<record
    xmlns:xsi="http://www.w3.org/2001/XMLSchema-instance"
    xsi:schemaLocation="http://www.loc.gov/MARC21/slim http://www.loc.gov/standards/marcxml/schema/MARC21slim.xsd"
    xmlns="http://www.loc.gov/MARC21/slim">

  <leader>00377nam a2200145Ia 4500</leader>
  <controlfield tag="008">230411s9999    xx            000 0 und d</controlfield>
  <datafield tag="020" ind1=" " ind2=" ">
    <subfield code="a">81 7082 041 3</subfield>
  </datafield>
  <datafield tag="041" ind1=" " ind2=" ">
    <subfield code="a">eng</subfield>
  </datafield>
  <datafield tag="082" ind1=" " ind2=" ">
    <subfield code="a">P/610.7362/SIN/B04486</subfield>
  </datafield>
  <datafield tag="100" ind1=" " ind2=" ">
    <subfield code="a">Singh Meharban</subfield>
  </datafield>
  <datafield tag="245" ind1=" " ind2=" ">
    <subfield code="a">Essential Pediatrics for Nurses</subfield>
  </datafield>
  <datafield tag="260" ind1=" " ind2=" ">
    <subfield code="b">Sagar Publications</subfield>
    <subfield code="a">New Delhi</subfield>
    <subfield code="c">2004</subfield>
  </datafield>
  <datafield tag="300" ind1=" " ind2=" ">
    <subfield code="a">331p</subfield>
  </datafield>
  <datafield tag="999" ind1=" " ind2=" ">
    <subfield code="c">155139</subfield>
    <subfield code="d">155139</subfield>
  </datafield>
  <datafield tag="952" ind1=" " ind2=" ">
    <subfield code="0">0</subfield>
    <subfield code="1">0</subfield>
    <subfield code="4">0</subfield>
    <subfield code="7">0</subfield>
    <subfield code="8">P</subfield>
    <subfield code="a">BTIN</subfield>
    <subfield code="b">BTIN</subfield>
    <subfield code="d">2007-11-30</subfield>
    <subfield code="e">M.K.S.S.S I.N.E.Ratnagiri.</subfield>
    <subfield code="g">250.00</subfield>
    <subfield code="l">0</subfield>
    <subfield code="o">P 610.7362 SIN B04486</subfield>
    <subfield code="p">BTIN-BK-4486</subfield>
    <subfield code="r">2023-04-11 00:00:00</subfield>
    <subfield code="v">250.00</subfield>
    <subfield code="w">2007-11-30</subfield>
    <subfield code="y">BK</subfield>
    <subfield code="z">B04486</subfield>
  </datafield>
  <datafield tag="952" ind1=" " ind2=" ">
    <subfield code="0">0</subfield>
    <subfield code="1">0</subfield>
    <subfield code="4">0</subfield>
    <subfield code="7">0</subfield>
    <subfield code="8">P</subfield>
    <subfield code="a">BTIN</subfield>
    <subfield code="b">BTIN</subfield>
    <subfield code="d">2007-11-30</subfield>
    <subfield code="e">M.K.S.S.S I.N.E.Ratnagiri.</subfield>
    <subfield code="g">250.00</subfield>
    <subfield code="l">0</subfield>
    <subfield code="o">P 610.7362 SIN B04487</subfield>
    <subfield code="p">BTIN-BK-4487</subfield>
    <subfield code="r">2023-04-11 00:00:00</subfield>
    <subfield code="v">250.00</subfield>
    <subfield code="w">2007-11-30</subfield>
    <subfield code="y">BK</subfield>
    <subfield code="z">B04487</subfield>
  </datafield>
</record>
